| 000 | 00946cam a22003017a 4500 | ||
|---|---|---|---|
| 003 | CHAP | ||
| 005 | 20250912083914.0 | ||
| 008 | 971013s1970 r 00010 d | ||
| 010 | _a18122 | ||
| 011 | _a19094 | ||
| 035 | _a23179 | ||
| 040 | _cCHAP | ||
| 082 |
_a632.58 _bD4 |
||
| 100 | 0 | 0 |
_aDelorit, Richard J. _931704 |
| 245 | 1 | 3 | _aAn illustrated taxonomy manual of weed seeds |
| 260 |
_aRiver Falls, Wis. : _bAgronomy Publications, _c1970 |
||
| 300 |
_a175 p. _b: ilus. |
||
| 590 |
_aBATCH-UPD _b10 _c20130110 _lUCH01 _h0328 |
||
| 590 |
_aBATCH-UPD _b10 _c20130110 _lUCH01 _h2154 |
||
| 590 |
_aBATCH-UPD _b10 _c20130410 _lUCH01 _h0001 |
||
| 590 |
_aBATCH-UPD _b10 _c20130914 _lUCH01 _h1140 |
||
| 590 |
_aCONVERSION _b10 _c20130109 _lUCH01 _h1311 |
||
| 650 | 1 | 7 |
_aMalas hierbas _xSemillas _2 _970037 |
| 650 | 1 | 4 |
_aSemillas _xIdentificación. _9103904 |
| 901 | _aBK | ||
| 942 | _cLIBRO | ||
| 949 |
_a632.58 D4 _bBC _cC _d33724000647657 _eC _h16581 _i23179 _si |
||
| 999 |
_c18122 _d18122 |
||